Fronteras territoriales: una perspectiva liberal igualitarista

Sparad:
Bibliografiska uppgifter
Huvudupphovsman: Kymlicka, Will (Författare, medförfattare)
Materialtyp: Bok
Språk:spanska
Publicerad: Madrid Trotta 2006
Serie:Minima Trotta
Ämnen:
Taggar: Lägg till en tagg
Inga taggar, Lägg till första taggen!

MARC

LEADER 00000nam a2200000 a 4500
001 UCI7879
003 CL-VaPUC
008 080725e20060000SP |||||||||||||||||spa|d
020 |a 8481647861 
082 0 4 |a 341.42  |b KYM  |2 21 
100 |a Kymlicka, Will   |e author  |9 531263 
245 1 0 |a Fronteras territoriales: una perspectiva liberal igualitarista  
300 |a 80 p 
942 |c BK 
945 |d 20080725 00:00:00  |a jtorresc 
260 |a Madrid  |b Trotta  |c 2006 
650 0 |a Fronteras y límites   |9 514289 
650 0 |a Territorio  |9 378883 
650 7 |a LEGISLACION  |2 CL-VaPUC  |9 531264 
650 0 |a Identidad nacional  |9 319130 
650 0 |a Estado  |9 255503 
583 |a last modification  |c 20080725 00:00:00  |k Rodrigo Vera 
490 0 |a Minima Trotta 
999 |c 331007  |d 331005 
952 |0 0  |1 0  |4 0  |6 341_420000000000000_KYM_2006  |7 0  |8 DER_TF  |9 417093  |a BIBDER  |b BIBDER  |d 2019-11-22  |i 4464664  |o 341.42 KYM 2006  |p 4464664  |r 2023-01-25  |w 2019-11-22  |x Ubicación 4to Piso  |y BK  |z Estos recursos deben solicitarse con anticipación  |k DER